Tales from Indian Classics. Book II (Record no. 31492)

MARC details
000 -LEADER
fixed length control field 00289nam a2200109Ia 4500
082 ## - DEWEY DECIMAL CLASSIFICATION NUMBER
Classification number 82-36(540)
Item number TAL
100 ## - MAIN ENTRY--AUTHOR NAME
Personal name Savitri
245 #0 - TITLE STATEMENT
Title Tales from Indian Classics. Book II
260 ## - PUBLICATION, DISTRIBUTION, ETC. (IMPRINT)
Place of publication New Delhi
Name of publisher Childrens Book trust
Year of publication 1977
942 ## - ADDED ENTRY ELEMENTS (KOHA)
Koha item type Books
Holdings
Withdrawn status Lost status Damaged status Not for loan Home library Current library Date acquired Full call number Accession Number Koha item type
        RRII Library RRII Library 16/12/2021 82-36(540) TAL 12036 Books